000 00819nam a2200253 i 4500
001 000038104
003 DO-SdBNP
005 20240115100553.0
007 ta
008 110427s1914 dr 000 0 spa d
040 _aDO-SdBNP
_bspa
_cBNPHU
_erda
082 _222
_bM194
110 _984770
245 1 _aEl magisterio en la República Dominicana :
_btesis para optar el título de maestro normal, por la señorita M. L. Gómez
264 _aLa Vega, República Dominicana :
_bImprenta El Progreso de R.A. Ramos,
_c1914
300 _a14 paginas ;
_c26 cm.
336 _2rdacontent
_atexto
_btxt
337 _2rdamedia
_asin mediación
_bn
338 _2rdacarrier
_avolumen
_bnc
500 _aTesis para optar el título de Maestro Normal
590 _aInventariado, 2024/ DG
910 _aDG
942 _2ddc
_cLF2
999 _c55655
_d55655